Fast Typing ZZ To AA - 15 Second Sprint - Statistics

General Stats
  • This quiz has been taken 51 times
  • The average score is 13 of 26
Answer Stats
Letter % Correct
ZZ
100%
YY
96%
XX
92%
WW
88%
VV
83%
SS
75%
TT
75%
UU
75%
RR
71%
QQ
67%
PP
54%
OO
46%
MM
38%
NN
38%
BB
29%
CC
29%
LL
29%
AA
25%
DD
25%
EE
25%
FF
25%
JJ
25%
KK
25%
GG
21%
HH
21%
II
21%
No matching quizzes found
Score Distribution
Percent of People with Each Score
Percentile by Number Answered
Your Score History
You have not taken this quiz